01040nam a2200289 i 4500001001000000003000900010005001700019007000300036008004100039040003000080082001300110100004300123245014600166264003500312300002400347336002700371337003300398338002800431490003400459504002600493590002800519830004000547910000700587942001300594952012600607999001700733000029829DO-SdBNP20231219123755.0ta110426s1987 dr 000 0 spa d aDO-SdBNPbspacBNPHUerda bK64s2221 aKleinekathoefer, Michael956585eautor13aEl sector informal integración o transformación :bconsideraciones en torno a una nueva política de fomento /cMichael Kleinekathoefer. aSanto Domingo :bTaller,c1987 a37 paginas;c23 cm. 2rdacontentatextobtxt 2rdamediaasin mediaciónbn 2rdacarrieravolumenbnc1 aEstudios económico-sociales aBibliografías p. 39 aInventariado, 2023 / DG 0aEstudios económico-sociales97893 aDG 2ddccLF2 00102ddc51708PDaBNPHUbBNPHUcCTd2011-04-26l0oBNPHU PD K64sp29829-10r2020-06-25w2020-06-25yLBS1ZNo se presta c29321d29321